000 00709nam a2200217 a 4500
001 000011935
005 20240530073931.0
008 091102s1981 dr c 000 m spa d
040 _aDO-SdBNP
_bspa
_cBNPHU
082 _aRD864.44
_bJ61d
100 1 _aJiménez Bélen, José
_928216
245 1 3 _aEl dominicano por fuera /
_cJosé Jiménez Bélen.
260 _aSanto Domingo :
_bLozano,
_c1981.
300 _a100 p. :
_bretrs. ;
_c21 cm.
590 _aInventariado, 2019/MFF
650 0 _aEnsayos dominicanos
_965
651 4 _aRepública Dominicana
_xVida Social Y Costumbres
_9405
650 0 _aPoesía dominicana
_966
650 0 _aLiteratura dominicana.
_967
910 _aValidado. Control de calidad MFF
999 _c11605
_d11605